| 000 | 01296cam a2200289 4500 | ||
|---|---|---|---|
| 008 | 020426n2000 000 0 eng u | ||
| 020 | _a0415216664 | ||
| 035 | _a(Sirsi) u117695 | ||
| 041 | _aeng. | ||
| 050 | _a711.552 | ||
| 100 | _aEngland, J. | ||
| 245 | _aRetail impact assessment : a guide to best practice | ||
| 260 |
_aLondon _bRoutledge _c2000 |
||
| 300 |
_axii,225p. _c24cm. |
||
| 350 | _a65 | ||
| 490 | _aRICS Issues in Real Estate and Housing | ||
| 520 | _aThe rapid advances in retailing during the latter part of the 20th century have led to pressures for new forms of shopping development and conflicts with established planning policy on the location of new stores and centres. In response to these pressures, various methods have been devised to assess the potential impact of new retail developments on existing centres. This book reviews the methodology and emphasizes a recommended best practice approach to the application of retail impact assessment. | ||
| 650 | _aURBAN PLANNING | ||
| 650 | _aTOWN PLANNING | ||
| 650 | _aSHOPPING CENTRES | ||
| 650 | _aRETAIL DEVELOPMENT | ||
| 650 | _aIMPACT | ||
| 650 | _aRETAIL IMPACT ASSESSMENT | ||
| 650 | _aPLANNING POLICY | ||
| 690 | _aENVIRONMENTAL AND LAND CONSULTANCY-PLANNING AND DEVELOPMENT | ||
| 942 | _n0 | ||
| 999 |
_c102051 _d102051 |
||